Girls!: (Record no. 14755)

000 -LEADER
fixed length control field 00672nam a2200217 a 4500
001 - CONTROL NUMBER
control field :::00012589$&:&@@
003 - CONTROL NUMBER IDENTIFIER
control field OkBaRHE
005 - DATE AND TIME OF LATEST TRANSACTION
control field 20100402122132.0
008 - FIXED-LENGTH DATA ELEMENTS--GENERAL INFORMATION
fixed length control field s1996 j 000 0 eng u
040 ## - CATALOGING SOURCE
Transcribing agency
100 1# - MAIN ENTRY--PERSONAL NAME
Personal name Beausay, William, 1957-
245 10 - TITLE STATEMENT
Title Girls!:
Remainder of title helping your little girl become an extraordinary woman.
260 ## - PUBLICATION, DISTRIBUTION, ETC. (IMPRINT)
Place of publication, distribution, etc Grand Rapids, MI., :
Name of publisher, distributor, etc Fleming H. Revell
Date of publication, distribution, etc 1996
300 ## - PHYSICAL DESCRIPTION
Extent 235 p. ;
Dimensions 21 cm.
650 ## - SUBJECT ADDED ENTRY--TOPICAL TERM
Topical term or geographic name as entry element Child rearing
650 ## - SUBJECT ADDED ENTRY--TOPICAL TERM
Topical term or geographic name as entry element Daughters
650 ## - SUBJECT ADDED ENTRY--TOPICAL TERM
Topical term or geographic name as entry element Girls
700 ## - ADDED ENTRY--PERSONAL NAME
Personal name Beausay, Kathryn
942 ## - ADDED ENTRY ELEMENTS (KOHA)
Source of classification or shelving scheme
Koha item type Books
Copies
Shelving location Not for loan Date acquired Price effective from Full call number Source of classification or shelving scheme Date last seen Permanent Location Barcode Lost status Copy number Koha item type Withdrawn status Damaged status
General Stacks 2010-04-142010-04-14HQ 777 .B38 1996 2010-04-14RHEMA Bible Training College12589 1Books